Doctor Thorne (Record no. 624)

MARC details
000 -LEADER
fixed length control field 00356nam a2200121 4500
082 ## - DEWEY DECIMAL CLASSIFICATION NUMBER
Classification number 823.7
Item number TRO/TIL
100 ## - MAIN ENTRY--PERSONAL NAME
Personal name Trollope,Anthony
245 ## - TITLE STATEMENT
Title Doctor Thorne
Statement of responsibility, etc. Anthony Trollope;Introduction by Kathleen Tillotson
260 ## - PUBLICATION, DISTRIBUTION, ETC.
Place of publication, distribution, etc. London
Name of publisher, distributor, etc. Dent
Date of publication, distribution, etc. 1908[reprinted 1967]
300 ## - PHYSICAL DESCRIPTION
Extent xii, 506p.; 18cm
490 ## - SERIES STATEMENT
Series statement Everyman's library,360
710 ## - ADDED ENTRY--CORPORATE NAME
Corporate name or jurisdiction name as entry element Tillotson,Kathleen
Holdings
Withdrawn status Lost status Damaged status Not for loan Collection code Home library Current library Date acquired Total Checkouts Full call number Barcode Date last seen Price effective from Koha item type
        ENGLISH North Eastern Hill University North Eastern Hill University 18/11/2011   823.7 TRO/TIL A567eng 18/11/2011 18/11/2011 Books